000 00535nam a2200169Ia 4500
008 240729s9999 xx 000 0 und d
022 _a2639-5916
245 0 _aEcosystems and People
260 _aUnited Kingdom
260 _bTaylor & Francis Group
650 _a Environmental sciences
650 _a Human ecology. Anthropogeography | Geography. Anthropology. Recreation
650 _aGeography. Anthropology. Recreation
856 _uhttps://doaj.org/toc/1ff13816c8304c5b8139b5f728a93a82
942 _2ddc
942 _cDOAJEJ
999 _c69046
_d69046
945 _a1
_bMadushi Gamage
_c1
_dMadushi Gamage